Alquimia : Falsos, apropiaciones y otras tergiversaciones /
Alquimia, órgano informativo del Sistema Nacional de Fototecas (SINAFO) del Instituto Nacional de Antropología e Historia (INAH), es una publicación cuatrimestral creada en 1997 con el fin de estudiar y difundir la historia de la fotografía mexicana, sus creadores y sus acervos. Su objeto de estudio...
Sparad:
| Övriga upphov: | |
|---|---|
| Materialtyp: | Bok |
| Språk: | spanska |
| Utgiven: |
México :
INAH, Fototeca Nacional,
2010, c2010
|
| Ämnen: | |
| Taggar: |
Inga taggar, Lägg till första taggen!
|
MARC
| LEADER | 00000nam^a2200000^a^4500 | ||
|---|---|---|---|
| 001 | 000354904 | ||
| 005 | 20250521000000.0 | ||
| 009 | 20260310115148.565 | ||
| 022 | |a 1405-7786 | ||
| 037 | |a Acervo ITESO - Biblioteca | ||
| 041 | |a ESP | ||
| 082 | |a 770. 5 |b ALQ V. 40 | ||
| 240 | 1 | 1 | |a [Alquimia] |
| 245 | 0 | 0 | |a Alquimia : |b Falsos, apropiaciones y otras tergiversaciones / |c Ed. y presen. de J.A. Rodríguez. |
| 264 | 4 | |a México : |b INAH, Fototeca Nacional, |c 2010, c2010 | |
| 300 | |a 87 p. | ||
| 336 | |a texto |b txt |2 rdacontenido | ||
| 337 | |a sin mediación |b n |2 rdamedio | ||
| 338 | |a volumen |b nc |2 rdasoporte | ||
| 520 | |a Alquimia, órgano informativo del Sistema Nacional de Fototecas (SINAFO) del Instituto Nacional de Antropología e Historia (INAH), es una publicación cuatrimestral creada en 1997 con el fin de estudiar y difundir la historia de la fotografía mexicana, sus creadores y sus acervos. Su objeto de estudio, por ende, no está circunscrito al análisis de los archivos miembros del SINAFO. Los diferentes números de la revista han sido monográficos y varios de ellos han contado con la colaboración de editores invitados, como arquitectos y cineastas, especializados en un tema específico. La cobertura geográfico-histórica ha reflejado una preocupación por abandonar la perspectiva centralista tradicional, con ediciones dedicadas a diferentes regiones del país, y una atención especial a la primera mitad del siglo XX. Alquimia ha sido citada como una de las mejores revistas del mundo especializadas en la historia de la fotografía, según fuentes de referencia como la Historia general de la fotografía (2007) coordinada por Marie Loup Sougez Mülle. | ||
| 520 | |a El número 40 de la revista, con fecha del cuatrimestre septiembre-diciembre de 2010, está dedicado al conjunto de fenómenos de falsas autorías, apropiaciones y tergiversaciones a lo largo de la historia de la fotografía en México. El número está compuesto por las siguientes colaboraciones: 1) Investigar por otra ruta, por José Antonio Rodríguez; 2) Mar de confusiones, por Ignacio Gutiérrez Ruvalcaba; 3) Falsas noticias de un museo verdadero o el misterioso caso de las fotografías de hadas, por Carlos A. Córdova; 4) Una cierta colección de falsos: selección de una serie de fotografías adquiridas por el investigador Ernesto Peñaloza Méndez en el mercado al aire libre del barrio de La Lagunilla, donde aparecían adjudicadas a Tina Modotti; 5) El sentido de los falsos en fotografía, por José Antonio Rodríguez y 6) Los casos Lavillette y Berriozábal, por Miguel Angel Morales. II. Sección Sistema Nacional de Fototecas: Fototeca del Tecnológico de Monterrey (ITESM): sus colecciones, por Edgar Moreno Martínez y Daniel Sanabria. III. Sección Soportes e Imágenes: Fotografía y astronomía, por María Violeta García Prado. | ||
| 649 | |a XX | ||
| 650 | |a Fotógrafos Franceses | ||
| 650 | |a Fotógrafos Ingleses | ||
| 650 | |a Cineastas Franceses | ||
| 650 | |a Pintores Ingleses | ||
| 650 | |a Artistas Franceses | ||
| 650 | |a Artistas Ingleses | ||
| 650 | |a Coleccionistas Alemanes | ||
| 650 | |a Mujeres Inglesas | ||
| 650 | |a Hadas - |x Fotografías | ||
| 650 | |a Fotografía Inglesa - |x Falsificación | ||
| 650 | |a Fotografía Inglesa - |x Historia y Crítica | ||
| 650 | |a Fotografía Inglesa - |y Siglo XX | ||
| 650 | |a Fotografía Jalisciense - |x Falsificación | ||
| 650 | |a Fotografía Jalisciense - |x Historia y Crítica | ||
| 650 | |a Fotografía Jalisciense - |y Siglo XX | ||
| 650 | |a Fotografía Mexicana - |x Falsificación | ||
| 650 | |a Fotografía Mexicana - |x Historia y Crítica | ||
| 650 | |a Fotografía Mexicana - |y Siglo XX | ||
| 650 | |a Fotografía - |x Falsificación - |x Tema Principal | ||
| 650 | |a Fototecas - |z Monterrey, Nuevo León - |x Colecciones | ||
| 650 | |a Fototecas - |z México - |x Colecciones | ||
| 650 | |a Fotografía - |x Publicaciones Periódicas Mexicanas - |x Tema Principal | ||
| 650 | |a Arte Inglés - |x Falsificación | ||
| 650 | |a Arte Inglés - |x Historia y Crítica | ||
| 650 | |a Arte Inglés - |y Siglo XX | ||
| 650 | |a Arte Jalisciense - |x Falsificación | ||
| 650 | |a Arte Jalisciense - |x Historia y Crítica | ||
| 650 | |a Arte Jalisciense - |y Siglo XX | ||
| 650 | |a Arte Mexicano - |x Falsificación | ||
| 650 | |a Arte Mexicano - |x Historia y Crítica | ||
| 650 | |a Arte Mexicano - |y Siglo XX | ||
| 650 | |a Autoría (Atribución) - |x Historia y Crítica | ||
| 650 | |a Arte - |x Publicaciones Periódicas Mexicanas | ||
| 650 | |a Publicaciones Periódicas Mexicanas | ||
| 650 | |a Bokelberg, Werner | ||
| 650 | |a García, Librado | ||
| 650 | |a Grey, Howard | ||
| 650 | |a Griffiths, Frances | ||
| 650 | |a Lavillette, Francisco | ||
| 650 | |a Ovenden, Graham | ||
| 650 | |a Wright, Elsie | ||
| 650 | |a Estudios Cine-Fotográficos Berriozábal | ||
| 700 | |a Rodríguez, José Antonio |e (edición) | ||
| 910 | |a Fondo General | ||
| 920 | |a Impresos - Libros | ||
| 930 | |a Colección General | ||
| 905 | |a 101 | ||
| 901 | |a 0500247974 |b IT1 |c ACC |i C145056 |u 20250521 | ||
| 902 | |a https://opac.biblio.iteso.mx/vufind/Record/000354904 | ||